00423nam a2200169Ia 4500003000400000005001700004008004100021020001500062040000700077041000800084082002300092100002900115245004200144260003800186300001600224365001300240OSt20230506115940.0210423s2005 xx 000 0 und d a9814126624 cAL aeng a541.223223b ELIE aELIEL (Ernest L);others. aStereochemistry of organic compounds. aNew YorkbJohn Wiley & Sonsc2005 axv,1267bPB b519cINR